Quizzes
Events
Quiz Creation
Community
Videos
Private Events
Remove Ads
Sign In
Join for FREE
Feedback
Dark Mode
Quiz Categories
Sports
Geography
Music
Movies
Television
Just For Fun
Miscellaneous
History
Literature
Language
Science
Gaming
Entertainment
Religion
Holiday
For Kids
Quiz Lab
Recent
Popular Today
Quiz Kudos Today
Editor Picks
Curator Picks
Quizzes by...
Day
Popularity
Type
Ratings
Length
Year
Community
Subscriptions
Recent Discussions
Orange Saloon
Badges
Playlists
Quests
Create
Leaderboards
Showdown
Live 5
Trivia Bingo
Activity
Puzzle Library
Sporcle Events
Private Events
Virtual Trivia
Globe League
Become a Host
Pub Owners
SporcleCon
Opinionation
Our Games
Videos
Blog
Mobile Apps
Partnerships
Remove Ads and Go Orange
Feedback
Geography
Country
Landmarks
City
State
Population
World
Capital
Continent
Flags
Europe
Africa
Asia
South America
North America
Oceania
Border
Canada
United Kingdom
Topography
United States
Geography
Country
Landmarks
City
State
Population
World
Capital
Continent
Flags
Europe
Africa
Asia
South America
North America
Oceania
Border
Canada
United Kingdom
Topography
United States
Random Quiz
Search Sporcle
×
Quiz Lab
Quiz Lab
Geography
Asia
Type in answers that appear in a list
Type in answers that appear in a list
Classic
Best Score? Go Orange.
Most Populous Administrative Divisions II Stats
Can you name the most populous administrative divisions (outside of Asia)?
By
i_mohr
10m
25 Questions
83 Plays
83 Plays
83 Plays
Comments
Comments
Give Quiz Kudos
Give Quiz Kudos
-
- Ratings
hide this ad
Replay
Link that replays current quiz
Next Quiz
Link to next quiz in quiz playlist
You Got
0%
They Got
Avg Score
72%
Avg Friend Score
Upgrade to see
Score Distribution
Jump to the score distribution portion of the page
Score
0/25
Timer
10:00
0
Plays Today
Country
Division
% Correct
United States
California
96.4%
United States
Texas
96.4%
United States
New York
96.4%
United States
Florida
94%
United Kingdom
England
91.6%
Brazil
Rio de Janeiro
90.4%
Argentina
Buenos Aires
88%
Canada
Ontario
88%
Mexico
Estado de México
86.7%
United States
Illinois
86.7%
France
Île-de-France
85.5%
Russia
Moscow
85.5%
Nigeria
Lagos
84.3%
Country
Division
% Correct
Turkey
Istanbul
84.3%
United States
Pennsylvania
83.1%
Brazil
São Paulo
80.7%
Germany
Bavaria
79.5%
Nigeria
Kano
62.7%
Germany
Nordrhein-Westfalen
55.4%
Brazil
Bahia
48.2%
Brazil
Minas Gerais
44.6%
South Africa
Gauteng
41%
Ethiopia
Oromia
26.5%
Ethiopia
Amhara
25.3%
Ethiopia
Southern Nations, Nationalities, and People's Region
13.3%
Quiz Playlist
Details
Report
Send in Message
Add To Playlist
Classic:
Type in answers that appear in a list
Quiz Source
Last Updated: Feb 16, 2017
Quiz Scoreboard
CHALLENGE
Sign Up to Join the Scoreboard
Show All
Scores
Hide
Comments
May contain spoilers
Recently Published
Billboard Blitz: Fleetwood Mac
by CooCooCachoo
Music
15s
Presidents Visiting Landmarks
by Hejman
History
7m
An Introduction to Baseball
by treessimontrees
Sports
5m
More to Explore
Quiz From the Vault
Featured Blog Post
Where Did the Easter Bunny Come From?
hide this ad
You Might Also Like...
Tags
Asia Quiz
Country Quiz
Population Quiz
Administrative
Division
Today's Top Quizzes in Geography
Browse Geography
hide this ad
Today's Top Quizzes in Asia
Browse Asia
Top Contributed Quizzes in Geography
1
Countries of the World - No Outlines Minefield
2
Top 25 Cities of France on a map
3
Any capital of a 'B' country per Continent
4
Closest Countries to UK A-Z
5
Any capital of a 'C' country per Continent
6
One Thing in Common: United Kingdom
7
Any capital of a 'D' country per Continent
8
5-to-1: US Geography No Hints
9
Any capital of an 'E' country per Continent
10
Find the Provinces of Canada - No Outlines Minefield
Explore More
Trending Topics
Kpop
Anime
Disney
NBA
Harry Potter
Crossword
Marvel
Song
The Office
Country
NFL
WWE
Pokémon
Puzzle
Soccer
hide this ad
More By:
i_mohr
Quiz
Plays
Rating
Category
Featured
Created
Earn 10 Badges
8,100
3.66
Miscellaneous
Feb 11, 2015
Map Schmap
5,964
1.62
Just For Fun
Mar 23, 2015
Seas of Europe
1,775
4.79
Geography
Feb 14, 2015
Largest US Cities, 1790-2010
1,534
4.89
Geography
Mar 22, 2015
Largest Cities in the British Isles
1,275
4.63
Geography
Dec 25, 2014
Go to Creator's Profile
Score Distribution
Quiz Creator Spotlight
i_mohr
Follow
Send a Message
Quizzes Created
-
Created Quiz Play Count
-
More By This Creator
Popular Quizzes Today
1
Find the US States - No Outlines Minefield
2
Find the Countries of Europe - No Outlines Minefield
3
The Countries of the World
4
Find the US States
5
Popular People in 1961
6
US States
7
Risky Map Clicking: Biggest States A-Z
8
Movies - When Are They Set?
More Geography Quizzes
Erase Africa (No Outlines or Skips)
Quiz Lab
Trending Quizzes
Risky Map Clicking: Least Populous States A-Z
1-10 Letter G Words
1-10 Letter F Words
Risky Map Clicking: Next State Alphabetically
'A' Boys' Names Grid
Recently Updated
Leaping Animals
pecheneg
Reality TV Shows (A-Z)
bhenderson79
Rickey Henderson's Hall of Fame Teammates
pecheneg
Champions League XIs: Arsenal
pecheneg
Quick Pick: Celebrities in WWE's Hall of Fame
aduchscher
A-Z Keypad Blitz II
pecheneg
Multiple Oscar Actors
pecheneg
Mystery Phrase Blitz: Oscar 'Best Actors'
pecheneg
F. Scott Fitzgerald Novels
LTH
Pick 3 Villains
ddd62291
Trending Topics
Harry Potter
Anime
Disney
Crossword
Kpop
NBA
Marvel
NFL
Soccer
Song
Country
WWE
Pokémon
Puzzle
The Office
Your Account Isn't Verified!
In order to create a playlist on Sporcle, you need to verify the email address you used during registration. Go to your
Sporcle Settings
to finish the process.
Report this User
Report this user for behavior that violates our
Community Guidelines
.
Details:
Send Report
Go to the Sporcle.com Mobile Site →
Comments